000 00907nas a2200277 4500
001 BR2011005613
003 BR-BrBNA
005 20231205115129.0
007 ta
008 230509b bl.|||p| |||| 00| 00por d
040 _aBR-BrBNA
_bpor
_cBiblioteca Nacional de Agricultura
041 _a(Pt)
072 _aL51
100 1 _aVasconcellos, C.H. de F.
100 1 _aFontes, D. de O.
100 1 _aSaliba, E. de O.S.
100 1 _aVeloso, J.A. de F.
100 1 _aLara, L.J.C.
245 1 _aUso da lipe como indicador externo na determinação da digestibilidade da proteína e matéria seca de alimentos em frangos de corte
650 _aFRANGO DE CORTE
650 _aDIGESTIBILIDADE
650 _aDIETA
773 0 _tCiência e Agrotecnologia (Brazil)
_xISSN 1413-7054
_g(May-Jun 2011), v. 35(3) p. 613-620
_wBR2011005613
909 _a202311
_bLúcia
_c55
_dLúcia Elande
942 _2AGRIS
_n0
_cANA
999 _c212227
_d212227